000 01804cam a22004694i 4500
003 PE-LiUPU
005 20250731165409.0
008 151019s1995 pe a grm 000 0 spa d
035 _a(Sirsi) a154913
040 _aPE-LiUPU
_bspa
_cPE-LiUPU
_erda
099 _aTEF 2
_bB23 1995
100 1 _aBarrientos Zevallos, Carmen
245 1 _aRelación que existe entre el nivel de conocimiento y las medidas preventivas de complicaciones que realizan las enfermeras en pacientes con TEC grave en el servicio de UCI, Hospital Nacional María Auxiliadora, Julio 1995 /
_cCarmen Barrientos Zevallos.
264 0 _c1995.
300 _a46 hojas
_c30 cm
336 _atext
_2rdacontent
337 _aunmediated
_2rdamedia
338 _avolume
_2rdacarrier
502 _aTesis
_b(Lic.) --
_cUniversidad Peruana Unión,
_d1995.
504 _aIncluye referencias
520 3 _aEl presente estudio investiga la relación entre el nivel de conocimiento sobre la prevención de complicaciones en pacientes con TEC grave y la frecuencia de las actividades preventivas que realizan las enfermeras del servicio de UCI del Hospital Nacional María Auxiliadora.
526 _aSEG44
526 _aSEG26
526 _aP151
526 _aP150
526 _aP149
526 _aP146
526 _aP145
526 _aP126
526 _aP125
526 _aP92
526 _aP75
526 _aP74
526 _aP27
526 _aP15
650 0 4 _aUnidades de cuidados intensivos
_xPrevención.
650 0 4 _aTraumatismos
_xCuidados intensivos.
650 0 4 _aCuiddos intensivos
_xEnfermeras.
596 _a1
942 _2ddc
_cTESIS
999 _aTEF 2 B23 1995
_wALPHANUM
_c7606
_iT00299
_lCCODEBUL3
_mBUL
_r1
_sY
_tTESIS
_u2015-10-19
_xSALUD
_PP22
_o.STAFF. Tessis
_d7606
980 _81
_gALBERTO SANCHEZ Responsable de Automatización